000 00309 a2200145 4500
001 166869
020 _a
040 _cMagnum
100 _aBrieghel-Muller, Gunna
240 1 0 _aEutonia e relaxamento
_lpor
245 1 0 _aEutonia e relaxamento
362 0 _a1899
697 _aEDUCACAO FISICA
942 _cBK
999 _c166869
_d166869